Electronic communications (Record no. 194677)

000 -LEADER
fixed length control field 00594 a2200157 4500
003 - CONTROL NUMBER IDENTIFIER
control field Nust
005 - DATE AND TIME OF LATEST TRANSACTION
control field 20170207154200.0
040 ## - CATALOGING SOURCE
Transcribing agency Nust
082 ## - DEWEY DECIMAL CLASSIFICATION NUMBER
Classification number 621.382
245 ## - TITLE STATEMENT
Title Electronic communications
Statement of responsibility, etc. Heathkit Educational systems
260 ## - PUBLICATION, DISTRIBUTION, ETC.
Place of publication, distribution, etc. Michigan
Name of publisher, distributor, etc. Heath Co.
Date of publication, distribution, etc. 1981
300 ## - PHYSICAL DESCRIPTION
Extent Various pages
505 ## - FORMATTED CONTENTS NOTE
Formatted contents note Communications Fundamentals (Page 1-1) Amplitude Modulation (Page 2-1) AM Receivers (Page 3-1) Angle Modulation (Page 4-1) Pulse Modulation (Page 5-1) Antennas (Page 1-16 Communications Systems (Page 7-1)
538 ## - SYSTEM DETAILS NOTE
System details note Almirah No. 130 Shelf No.4
650 ## - SUBJECT ADDED ENTRY--TOPICAL TERM
Topical term or geographic name entry element Electronic communications
942 ## - ADDED ENTRY ELEMENTS (KOHA)
Source of classification or shelving scheme
Koha item type Book
Holdings
Withdrawn status Lost status Source of classification or shelving scheme Damaged status Not for loan Collection code Permanent Location Current Location Date acquired Total Checkouts Full call number Barcode Date last seen Price effective from Koha item type
            Military College of Signals (MCS) Military College of Signals (MCS) 12/12/2016   621.382 ELE MCS10349 12/08/2016 12/12/2016 Book
© 2023 Central Library, National University of Sciences and Technology. All Rights Reserved.